Diagrama de Flujo (Registro nro. 2801)

Detalles MARC
000 -LEADER
fixed length control field 00928 a2200205 4500
001 - CONTROL NUMBER
control field 37794
005 - DATE AND TIME OF LATEST TRANSACTION
control field 20260407155644.0
008 - FIXED-LENGTH DATA ELEMENTS--GENERAL INFORMATION
fixed length control field 260407a1970 arg spa d
003 - CONTROL NUMBER IDENTIFIER
control field AR-UNSa-BCEJYS
040 ## - CATALOGING SOURCE
Original cataloging agency AR-UNSa-BCEJYS
Language of cataloging spa
Transcribing agency AR-UNSa-BCEJYS
080 ## - UNIVERSAL DECIMAL CLASSIFICATION NUMBER
Universal Decimal Classification number 658.012.123
Common auxiliary subdivision Modelos de decisión. Diagramas de decisión. Árboles de decisión (Cursogramas)
100 1# - MAIN ENTRY--PERSONAL NAME
Personal name Farina, Mario V.
245 10 - TITLE STATEMENT
Title Diagrama de Flujo
264 #1 - PRODUCTION, PUBLICATION, DISTRIBUTION, MANUFACTURE, AND COPYRIGHT NOTICE
Place of production, publication, distribution, manufacture México :
Name of producer, publisher, distributor, manufacturer Diana
Date of production, publication, distribution, manufacture, or copyright notice 1970
300 ## - PHYSICAL DESCRIPTION
Extent 141 p.
Dimensions 22 cm.
505 ## - FORMATTED CONTENTS NOTE
Formatted contents note 1. Conceptos básicos - 2. Iteraciones - 3. Transferencias de control - 4. Nitidez - 5. Lectura de datos - 6. La estructura básica - 7. Conteo - 8. Dos problemas instructivos - 9. Indice - 10. Manejo de tablas - 11. Nidos de iteraciones - 12. Inicialización de variables - 13. Manejo de listas - 14. Mantenimiento de archivos
590 ## - LOCAL NOTE (RLIN)
Local note niveau_biblio:m niveau_hierar:0
700 1# - ADDED ENTRY--PERSONAL NAME
Personal name Cota Aguilar, Manuel
942 ## - ADDED ENTRY ELEMENTS (KOHA)
Koha item type
Existencias
Withdrawn status Lost status Damaged status Not for loan Home library Current library Shelving location Date acquired Total checkouts Full call number Barcode Date last seen Price effective from Koha item type
        Biblioteca Prof. Eusebio Cleto del Rey Biblioteca Prof. Eusebio Cleto del Rey   07/04/2026   658.012.123 F225 L28696 07/04/2026 07/04/2026 Libro
        Biblioteca Prof. Eusebio Cleto del Rey Biblioteca Prof. Eusebio Cleto del Rey   07/04/2026   658.012.123 F225 L28697 07/04/2026 07/04/2026 Libro